|
|
|
|
| LEADER |
00000cam a2200000 7i4500 |
| 001 |
0000011942 |
| 005 |
20150201.0 |
| 008 |
071121 |
| 020 |
|
|
|a 9676116483
|
| 090 |
0 |
0 |
|a 153.8
|b SHA
|
| 100 |
0 |
|
|a Sharifah Akmam Bte Syed Zakaria
|
| 245 |
1 |
0 |
|a Panduan dan strategi motivasi diri
|c Sharifah Akmam Bte Syed Zakaria
|
| 260 |
|
|
|a Kuala Lumpur :
|b Utusan Publications & Distributors ,
|c 2005
|
| 440 |
|
|
|a Siri motivasi dan kecemerlangan Utusan
|
| 650 |
|
0 |
|a Malay fiction
|
| 650 |
|
0 |
|a Motivation (Psychology)
|
| 650 |
|
0 |
|a Personality and motivation
|
| 999 |
|
|
|a 0000933041
|b Book
|c Adult Collection
|e Cawangan Tangkak
|
| 999 |
|
|
|a 0000933042
|b Book
|c Adult Collection
|e Cawangan Tangkak
|
| 999 |
|
|
|a 0000941143
|b Book
|c Adult Collection
|e Cawangan Taman Sri Lambak
|
| 999 |
|
|
|a 0001002881
|b Book
|c Adult Collection
|e Perbadanan Perpustakaan Awam Johor
|
| 999 |
|
|
|a 0001002882
|b Book
|c Adult Collection
|e Perbadanan Perpustakaan Awam Johor
|